[Event "56th World U20 ch"]
[Site "Tarvisio ITA"]
[Date "2017.11.16"]
[Round "4.50"]
[White "Signorelli, Gaetano"]
[Black "Lamard, Guillaume"]
[Result "1-0"]
[WhiteElo "2193"]
[BlackElo "2376"]
[EventDate "2017.11.13"]
[PlyCount "49"]

1.e4 e5 2.d4 Nc6 3.dxe5 Nxe5 4.Qd4 Nc6 5.Qe3 Nf6 6.Nc3 Bb4 7.Bd2 O-O 8.
O-O-O Re8 9.Qf4 d6 10.f3 Be6 11.g4 Ne5 12.Qg3 Nc4 13.Bxc4 Bxc4 14.h4 c6 
15.h5 Qa5 16.g5 Nd7 17.g6 Bxa2 18.gxh7+ Kh8 19.Nge2 Bc4 20.Rhg1 Qe5 21.Bf4
Qf6 22.Bg5 Qe6 23.Nd4 Qe5 24.f4 Qa5 25.Bf6 1-0

[Event "56th World U20 ch"]
[Site "Tarvisio ITA"]
[Date "2017.11.16"]
[Round "4.51"]
[White "Dimic, Pavle"]
[Black "Pavic, Filip"]
[Result "1/2-1/2"]
[WhiteElo "2357"]
[BlackElo "2228"]
[EventDate "2017.11.13"]
[PlyCount "111"]

1.d4 Nf6 2.c4 e6 3.Nf3 b6 4.a3 Bb7 5.Nc3 d5 6.Bf4 Be7 7.e3 O-O 8.Qc2 c5 9.
dxc5 bxc5 10.Be2 Nbd7 11.Rd1 Nb6 12.O-O Nh5 13.Be5 f6 14.Bg3 Nxg3 15.hxg3 
f5 16.cxd5 exd5 17.Bd3 Qc8 18.a4 g6 19.a5 Nd7 20.a6 Bc6 21.Be2 Nf6 22.Ne5 
Rd8 23.Bf3 Ne4 24.Bxe4 fxe4 25.Qb3 c4 26.Nxc6 Qxc6 27.Qb7 Qxb7 28.axb7 
Rab8 29.Nxd5 Bg5 30.Nc3 Rxb7 31.Nxe4 Be7 32.Rxd8+ Bxd8 33.Rc1 Rxb2 34.Rxc4
Rb1+ 35.Kh2 Bb6 36.g4 a5 37.Nf6+ Kf7 38.Nd5 Ke6 39.Nxb6 Rxb6 40.Ra4 Ra6 
41.f4 Kd5 42.Kg3 Kc5 $11 43.Kf3 Kb5 44.Ra1 a4 45.f5 a3 46.e4 Kc6 47.Kf4 
Kd6 48.e5+ Ke7 49.Ra2 Kf7 50.e6+ Kf6 51.g5+ Ke7 52.g4 Ra4+ 53.Kg3 Ra5 54.
Kf4 Ra4+ 55.Kg3 Ra5 56.Kf4 1/2-1/2

[Event "56th World U20 ch"]
[Site "Tarvisio ITA"]
[Date "2017.11.16"]
[Round "4.52"]
[White "Batsuren, Dambasuren"]
[Black "Taalaibekov, Tagir"]
[Result "1-0"]
[WhiteElo "2352"]
[BlackElo "2219"]
[EventDate "2017.11.13"]
[PlyCount "83"]

1.d4 Nf6 2.c4 e6 3.Nc3 Bb4 4.Qc2 O-O 5.e4 d6 6.Bd3 e5 7.a3 Bxc3+ 8.bxc3 
Nc6 9.Ne2 h6 10.O-O b6 11.f4 Re8 12.fxe5 dxe5 13.d5 Na5 14.Ng3 Qe7 15.Kh1 
Ng4 16.Rf3 Qh4 17.h3 f5 18.Kg1 f4 19.Ne2 Nf6 20.Nxf4 exf4 21.Bxf4 Ba6 22.
Bg3 Qg5 23.Bf4 Qh4 24.Bg3 Qg5 25.e5 Nh5 26.h4 Qg4 27.Bf2 Rf8 28.Bf5 Qxc4 
29.e6 Qe2 30.Qa4 Nf6 31.Re1 Bb5 32.Qb4 Nxd5 33.Qb1 Qc4 34.e7 Rxf5 35.Qxf5 
Nf6 36.Bd4 Bd7 37.Qg6 Be8 38.Qg3 Nh5 39.Rf8+ Kh7 40.Qg4 Qc6 41.Re6 Qd5 42.
Rxh6+ 1-0

[Event "56th World U20 ch"]
[Site "Tarvisio ITA"]
[Date "2017.11.16"]
[Round "4.53"]
[White "Sezdbekov, Ruslan"]
[Black "Zarubitsky, Viachaslau"]
[Result "1-0"]
[WhiteElo "2188"]
[BlackElo "2344"]
[EventDate "2017.11.13"]
[PlyCount "61"]

1.e4 e5 2.Nf3 Nf6 3.Nxe5 d6 4.Nf3 Nxe4 5.Nc3 Nxc3 6.dxc3 Be7 7.Be3 Nc6 8.
Qd2 Be6 9.O-O-O Qd7 10.Kb1 Bf6 11.Bg5 Qe7 12.Bd3 O-O-O 13.Rhe1 h6 14.Bxf6 
Qxf6 15.Bb5 Bd7 16.Re4 Qf5 17.Bd3 Qa5 18.Bc4 Ne5 19.Nxe5 dxe5 20.b4 Qa3 
21.Qe1 f6 22.Rd5 b6 23.Qd2 Bf5 24.Re1 Rd7 25.Rxd7 Bxd7 26.Qd5 c6 27.Qd6 c5
28.Rd1 Qa4 29.bxc5 Bb5 30.Bb3 Qa3 31.Be6+ 1-0

[Event "56th World U20 ch"]
[Site "Tarvisio ITA"]
[Date "2017.11.16"]
[Round "4.54"]
[White "Macovei, Andrei"]
[Black "Bezuidenhout, Roland"]
[Result "1-0"]
[WhiteElo "2343"]
[BlackElo "2118"]
[EventDate "2017.11.13"]
[PlyCount "65"]

1.e4 c5 2.Nf3 e6 3.d4 cxd4 4.Nxd4 Nc6 5.Nc3 a6 6.Nxc6 bxc6 7.Bd3 d5 8.O-O 
Nf6 9.Qe2 Be7 10.Na4 O-O 11.c4 d4 12.e5 Ne8 13.Bd2 f5 14.c5 a5 15.a3 Nc7 
16.Nb6 Ra7 17.b4 Nd5 18.Nc4 axb4 19.axb4 Rxa1 20.Rxa1 Bd7 21.Ra7 Be8 22.
Qe1 Bg5 23.Nd6 Bh5 24.Bc4 f4 25.Bxd5 cxd5 26.b5 f3 27.g3 Be8 28.c6 Bxd2 
29.Qxd2 Bxc6 30.bxc6 Qb6 31.Rb7 Ra8 32.h4 Qxc6 33.Qg5 1-0

[Event "56th World U20 ch"]
[Site "Tarvisio ITA"]
[Date "2017.11.16"]
[Round "4.55"]
[White "Li, Henry"]
[Black "Brazdzionis, Andrius"]
[Result "1/2-1/2"]
[WhiteElo "2168"]
[BlackElo "2322"]
[EventDate "2017.11.13"]
[PlyCount "89"]

1.e4 Nf6 2.e5 Nd5 3.d4 d6 4.c4 Nb6 5.exd6 exd6 6.Nc3 Be7 7.Bd3 O-O 8.Nge2 
Nc6 9.O-O Re8 10.Be3 Bf6 11.b3 Bg4 12.Qd2 d5 13.c5 Nc8 14.h3 Bxe2 15.Nxe2 
N8e7 16.b4 a6 17.Rab1 Qd7 18.Qc2 g6 19.b5 axb5 20.Rxb5 Nd8 21.Nf4 Nec6 22.
Qb3 Ne7 23.Qc2 Bg7 24.Rbb1 Nec6 25.Bb5 Ne6 26.Ne2 Ned8 27.Nf4 Ne6 28.Ne2 
Ned8 29.Rfd1 Ne6 30.a4 Qe7 31.Ra1 Qh4 32.Bxc6 bxc6 33.a5 Ra6 34.Qd2 Rea8 
35.Ra3 Qf6 $11 36.Nc1 Qh4 37.Ne2 Qf6 38.Nc1 Qh4 39.Na2 f5 40.f3 R6a7 41.
Bf2 Qf4 42.Be3 Qh4 43.Nc1 Kf7 44.Ne2 Re8 45.Bf2 1/2-1/2

[Event "56th World U20 ch"]
[Site "Tarvisio ITA"]
[Date "2017.11.16"]
[Round "4.56"]
[White "De Block, Yordi"]
[Black "Abdulla, Murad"]
[Result "0-1"]
[WhiteElo "2119"]
[BlackElo "2316"]
[EventDate "2017.11.13"]
[PlyCount "92"]

1.d4 Nf6 2.Bf4 g6 3.e3 Bg7 4.Nf3 O-O 5.c4 c5 6.Nc3 b6 7.Be2 Bb7 8.d5 d6 9.
h3 Na6 10.O-O Qd7 11.e4 Rfd8 12.Qc1 e6 13.Bh6 Bh8 14.Nh2 exd5 15.exd5 Re8 
16.Bd3 Nc7 17.a4 a6 18.f4 b5 19.axb5 axb5 20.Rxa8 Bxa8 21.b3 Nh5 22.Nf3 f5
23.Kh2 bxc4 24.bxc4 Bb7 25.Re1 Ba6 26.Qd2 Nf6 27.Bg5 Bg7 28.Bxf6 Bxf6 29.
Na2 Rb8 30.Nc1 Rb4 31.Qe2 Qa4 32.Ng5 Bxc4 33.Ne6 Nxd5 34.Nxc5 dxc5 35.Bxc4
Rxc4 36.Qe6+ Kg7 37.Qxd5 Rxc1 38.Re2 Qxf4+ 39.g3 Qd4 40.Qb7+ Kh6 41.Qg2 
Rd1 42.h4 Be5 43.Kh3 Qg4+ 44.Kh2 Bxg3+ 45.Qxg3 Qxe2+ 46.Kh3 Rh1+ 0-1

[Event "56th World U20 ch"]
[Site "Tarvisio ITA"]
[Date "2017.11.16"]
[Round "4.57"]
[White "Timerkhanov, Alexander"]
[Black "Fuentes Parra, Victor Ignacio"]
[Result "1-0"]
[WhiteElo "2312"]
[BlackElo "2087"]
[EventDate "2017.11.13"]
[PlyCount "53"]

1.e4 e6 2.d4 d5 3.Bd3 Nf6 4.e5 Nfd7 5.Nf3 c5 6.c3 Nc6 7.a3 a5 8.O-O cxd4 
9.cxd4 Qb6 10.Bc2 Na7 11.Nc3 Qc6 12.Ng5 Be7 13.Qh5 Bxg5 14.Qxg5 O-O 15.Qh4
f5 16.exf6 Nxf6 17.Re1 Rf7 18.g4 Nb5 19.Be3 Nxc3 20.bxc3 Ne4 21.f3 Rxf3 
22.Rf1 Rxf1+ 23.Rxf1 Bd7 24.Qe7 Qd6 25.Qf7+ Kh8 26.Bxe4 dxe4 27.Bf4 1-0

[Event "56th World U20 ch"]
[Site "Tarvisio ITA"]
[Date "2017.11.16"]
[Round "4.58"]
[White "Hiebert, Kenji"]
[Black "Nowak, Lukasz"]
[Result "1-0"]
[WhiteElo "2017"]
[BlackElo "2310"]
[EventDate "2017.11.13"]
[PlyCount "57"]

1.Nf3 Nf6 2.c4 g6 3.Nc3 Bg7 4.e4 d6 5.d4 O-O 6.Be2 e5 7.O-O Nc6 8.dxe5 
dxe5 9.Bg5 Qxd1 10.Rfxd1 h6 11.Be3 b6 12.Ne1 Be6 13.Nd5 Ne8 14.Nc2 f5 15.
f3 Rf7 16.Rac1 f4 17.Bf2 Bf8 18.b4 a5 19.b5 Nd8 20.Ne1 Nb7 21.Nd3 Bd6 22.
c5 Bxd5 23.cxd6 Bxa2 24.Nxe5 Rf6 25.d7 Ned6 26.Rxc7 Bb3 27.Rdc1 Nc5 28.
Bxc5 bxc5 29.Nc6 1-0

[Event "56th World U20 ch"]
[Site "Tarvisio ITA"]
[Date "2017.11.16"]
[Round "4.59"]
[White "Chen, Richard"]
[Black "Lindholm, Jere"]
[Result "1-0"]
[WhiteElo "2309"]
[BlackElo "2064"]
[EventDate "2017.11.13"]
[PlyCount "81"]

1.e4 c5 2.Nf3 d6 3.Bb5+ Nd7 4.O-O a6 5.Bd3 g6 6.Re1 Bg7 7.c3 e6 8.Bc2 Ne7 
9.d4 O-O 10.Nbd2 b5 11.a4 Bb7 12.Qe2 Qb6 13.Nb3 Rac8 14.Bg5 Nc6 15.Be3 Ne7
16.Red1 c4 17.Nbd2 Qc7 18.Nf1 Rce8 19.Qd2 f5 20.Ng3 Nf6 21.Ng5 Qd7 22.axb5
axb5 23.Ra7 Nc8 24.Raa1 h6 25.Nh3 Kh7 26.exf5 exf5 27.Nf4 Ne7 28.h4 Nfd5 
29.Re1 Qc6 30.f3 Qd7 31.Nxd5 Bxd5 32.Bf4 Bb7 33.Re2 Bf6 34.Bxh6 Bxh4 35.
Bxf8 Rxf8 36.Qf4 Bf6 37.Kf2 Nd5 38.Rh1+ Kg8 39.Qh6 Kf7 40.Qh7+ Bg7 41.Nxf5
1-0

[Event "56th World U20 ch"]
[Site "Tarvisio ITA"]
[Date "2017.11.16"]
[Round "4.60"]
[White "Vangsgard, Bjarke"]
[Black "Sukovic, Andrej"]
[Result "0-1"]
[WhiteElo "1987"]
[BlackElo "2306"]
[EventDate "2017.11.13"]
[PlyCount "62"]

1.d4 Nf6 2.Bf4 g6 3.Nf3 Bg7 4.e3 O-O 5.Be2 c5 6.c3 b6 7.O-O Bb7 8.a4 d6 9.
h3 Nbd7 10.Na3 Re8 11.Bh2 a6 12.b4 Ne4 13.Qb3 cxb4 14.cxb4 Ndf6 15.Rac1 g5
16.Bc4 Rf8 17.Rc2 h5 18.Nb1 Qd7 19.Nfd2 g4 20.h4 b5 21.axb5 axb5 22.Nxe4 
Bxe4 23.Bd3 Bd5 24.Qb2 Qb7 25.Rfc1 Ra2 26.Qc3 Rxc2 27.Rxc2 Bxg2 28.Qc7 Qf3
29.Be2 Qh3 30.Qxe7 Be4 31.Bf1 Qf3 0-1

[Event "56th World U20 ch"]
[Site "Tarvisio ITA"]
[Date "2017.11.16"]
[Round "4.61"]
[White "Willathgamuwa, Rowan"]
[Black "Kumar, Gaurav"]
[Result "0-1"]
[WhiteElo "1907"]
[BlackElo "2297"]
[EventDate "2017.11.13"]
[PlyCount "112"]

1.Nf3 d5 2.g3 Bg4 3.Bg2 Nd7 4.c4 c6 5.cxd5 cxd5 6.Nc3 e6 7.Qb3 Nc5 8.Qb5+ 
Nd7 9.Qxb7 Ngf6 10.Qb5 Bd6 11.O-O O-O 12.Qa4 Nc5 13.Qd1 Rc8 14.d4 Ncd7 15.
Nb5 Bb8 16.b3 Qa5 17.a4 a6 18.Na3 Ne4 19.Bd2 Nxd2 20.Nxd2 Bd6 21.f3 Bh5 
22.Nc2 Qc3 23.Rc1 Qb2 24.e3 Rc3 25.Na1 Rxe3 26.Rb1 Qc3 27.Rc1 Qa5 28.Rc6 
Bb4 29.Nb1 Nb8 30.Rc1 Bg6 31.f4 Rd3 32.Qe2 Rxd4 33.f5 Bxf5 34.Rxf5 exf5 
35.Nc2 Re4 36.Bxe4 fxe4 37.Nxb4 Qxb4 38.Qe3 Nd7 39.Rc6 Ne5 40.Rxa6 Nf3+ 
41.Kg2 Qb7 42.Rb6 Qc7 43.Na3 d4 44.Qxe4 Qxb6 45.Qxf3 Rd8 46.Nc4 Qg6 47.Ne5
Qc2+ 48.Kh3 Qc7 49.Nd3 h6 50.Qh5 Qc8+ 51.g4 Qb7 52.Qh4 Qf3+ 53.Qg3 Qf1+ 
54.Kh4 g5+ 55.Kh5 Qf6 56.Ne5 Kg7 0-1

[Event "56th World U20 ch"]
[Site "Tarvisio ITA"]
[Date "2017.11.16"]
[Round "4.62"]
[White "Holtman, Teodor"]
[Black "Piyumantha, M. Sasith Nipun"]
[Result "0-1"]
[WhiteElo "2296"]
[BlackElo "2032"]
[EventDate "2017.11.13"]
[PlyCount "114"]

1.e4 c6 2.Nc3 d5 3.Nf3 Bg4 4.h3 Bxf3 5.Qxf3 e6 6.g3 Nf6 7.Bg2 Bb4 8.a3 
Bxc3 9.Qxc3 dxe4 10.b3 Nbd7 11.Bb2 e5 12.Qb4 Qb6 13.Qxb6 axb6 14.O-O-O O-O
15.Rhe1 Rfe8 16.Bxe4 Nxe4 17.Rxe4 c5 18.Rde1 f6 19.f4 Kf7 20.fxe5 Nxe5 21.
Bxe5 Rxe5 22.Rxe5 fxe5 23.a4 Ke6 24.Rf1 b5 25.Kb2 bxa4 26.bxa4 Rxa4 27.Rf8
Rb4+ 28.Kc3 b6 29.Kd3 Rb1 30.Re8+ Kf6 31.Rf8+ Ke6 32.Re8+ Kf6 33.Rf8+ Ke7 
34.Rh8 Rg1 35.Rxh7 Rxg3+ 36.Ke4 Kf6 37.Rh5 Rg2 38.Rf5+ Kg6 39.Rxe5 Rxd2 
40.Re6+ Kh5 41.Rxb6 Rxc2 42.Rb5 Rc3 43.Rb7 Kg6 44.Rc7 Kh6 45.Rc8 Kg5 46.
Rc7 g6 47.Rh7 Rc4+ 48.Kd3 Rh4 49.Rc7 Rxh3+ 50.Kd2 Rf3 51.Rxc5+ Kg4 52.Ke2 
Rf4 53.Ke3 g5 54.Rc1 Rf3+ 55.Ke2 Rf5 56.Ke3 Kh3 57.Ke4 Rf8 0-1

[Event "56th World U20 ch"]
[Site "Tarvisio ITA"]
[Date "2017.11.16"]
[Round "4.63"]
[White "Song Yuxin"]
[Black "Urbanc, Peter"]
[Result "1/2-1/2"]
[WhiteElo "1951"]
[BlackElo "2290"]
[EventDate "2017.11.13"]
[PlyCount "90"]

1.e4 g6 2.d4 Bg7 3.Nc3 d5 4.exd5 Nf6 5.Bb5+ Nbd7 6.Nge2 O-O 7.Nf4 Nb6 8.
O-O Nfxd5 9.Ncxd5 Nxd5 10.c3 c6 11.Bd3 e5 12.dxe5 Bxe5 13.Nxd5 Qxd5 14.Bc2
Qc4 15.Re1 Re8 16.Bd3 Qh4 17.g3 Qd8 18.Be3 Be6 19.Qc2 Qa5 20.Be4 Rad8 21.
a4 Bc4 22.Bg5 Rd7 23.Bg2 Bd3 24.Qb3 Qc5 25.Be3 Qa5 26.Bg5 Re6 27.Rad1 Red6
28.Bh3 Bxg3 29.Bxd7 Bxf2+ 30.Kxf2 Qxg5 31.Bxc6 Qh4+ 32.Kg2 Qg4+ 33.Kh1 
bxc6 34.Qb8+ Kg7 35.Qxd6 Be4+ 36.Rxe4 Qxe4+ 37.Kg1 Qe3+ 38.Kg2 Qe2+ 39.Kg3
Qe3+ 40.Kg2 Qe2+ 41.Kg3 Qe3+ 42.Kg2 Qe2+ 43.Kh1 Qf3+ 44.Kg1 Qe3+ 45.Kg2 
Qe2+ 1/2-1/2

[Event "56th World U20 ch"]
[Site "Tarvisio ITA"]
[Date "2017.11.16"]
[Round "4.64"]
[White "Saiyn, Zhanat"]
[Black "Lumachi, Gabriele"]
[Result "1-0"]
[WhiteElo "2374"]
[BlackElo "2111"]
[EventDate "2017.11.13"]
[PlyCount "142"]

1.d4 d5 2.Nf3 Nf6 3.c4 dxc4 4.e3 a6 5.Bxc4 b5 6.Bd3 Bb7 7.O-O e6 8.Qe2 c5 
9.dxc5 Bxc5 10.Bxb5+ axb5 11.Qxb5+ Bc6 12.Qxc5 Ra5 13.Qd4 Rd5 14.Qb4 Na6 
15.Qe1 Rh5 16.Nd4 Bb7 17.f3 O-O 18.Nb3 Bd5 19.Na3 Bxb3 20.axb3 Qb8 21.h3 
Qxb3 22.e4 Nc5 23.Qe2 Nd3 24.Rd1 Nxc1 25.Raxc1 Qb6+ 26.Qf2 Qa5 27.Qd2 h6 
28.Qxa5 Rxa5 29.Rc7 Rb8 30.Nc4 Rab5 31.Nd6 Rxb2 32.Nxf7 Rb1 33.Rxb1 Rxb1+ 
34.Kh2 Ne8 35.Ra7 Rc1 36.h4 Rc7 37.Rxc7 Nxc7 38.Ne5 Ne8 39.Ng4 Kf7 40.Kg3 
Nd6 41.Kf4 Nc8 42.Ke5 h5 43.Nf2 Ne7 44.Kf4 Kf6 45.Nd3 Ng6+ 46.Kg3 Ne7 47.
f4 Nc6 48.Nc5 Nd4 49.Nd7+ Kf7 50.Ne5+ Kf6 51.Kf2 Nb3 52.Ke3 Nc5 53.Nd3 Nb3
54.Ne5 Nc5 55.Nf3 g6 56.Kd4 Nb3+ 57.Kc4 Na5+ 58.Kb4 Nb7 59.g3 Nd8 60.Ne5 
Nb7 61.Nc6 e5 62.fxe5+ Ke6 63.Kb5 Nd8 64.Nxd8+ Kxe5 65.Nf7+ Kxe4 66.Nh8 
Kd5 67.Kb6 Kd6 68.Kb7 Kd7 69.Kb6 Ke6 70.Kc6 Kf5 71.Kd5 Kg4 {... 115 moves}
1-0

[Event "56th World U20 ch"]
[Site "Tarvisio ITA"]
[Date "2017.11.16"]
[Round "4.65"]
[White "Tran Minh Thang"]
[Black "Heinechen, Juan"]
[Result "1-0"]
[WhiteElo "2361"]
[BlackElo "2101"]
[EventDate "2017.11.13"]
[PlyCount "69"]

1.d4 d5 2.c4 e6 3.Nc3 Nf6 4.cxd5 exd5 5.Bg5 Be7 6.e3 c6 7.Bd3 h6 8.Bf4 
Nbd7 9.h3 Nf8 10.Nf3 Ne6 11.Bh2 O-O 12.O-O Bd6 13.Bxd6 Qxd6 14.a3 c5 15.
dxc5 Nxc5 16.b4 Nxd3 17.Qxd3 Rd8 18.Rfd1 Be6 19.e4 Qc6 20.e5 Ne4 21.Rac1 
Nxc3 22.Rxc3 Qd7 23.Nd4 Rac8 24.Rxc8 Rxc8 25.f4 g6 26.Nxe6 Qxe6 27.Qxd5 
Qb6+ 28.Kh1 Kg7 29.Qf3 Rc6 30.f5 gxf5 31.Qxf5 Qe3 32.Rf1 Qb3 33.Qd7 Qc4 
34.Rf3 Rc7 35.Rg3+ 1-0

[Event "56th World U20 ch"]
[Site "Tarvisio ITA"]
[Date "2017.11.16"]
[Round "4.66"]
[White "Favaloro, Andrea"]
[Black "Terryn, Ezra"]
[Result "1-0"]
[WhiteElo "2260"]
[BlackElo "1987"]
[EventDate "2017.11.13"]
[PlyCount "41"]

1.Nf3 Nf6 2.c4 e6 3.g3 b6 4.Bg2 Bb7 5.O-O c5 6.Nc3 d6 7.Re1 Be7 8.e4 O-O 
9.d4 cxd4 10.Nxd4 Qc8 11.Be3 Rd8 12.Rc1 Nbd7 13.f4 a6 14.g4 Nc5 15.Bf2 d5 
16.exd5 Bd6 17.g5 Bxf4 18.gxf6 Bxc1 19.Qxc1 h6 20.fxg7 Kxg7 21.Qf4 1-0

[Event "56th World U20 ch"]
[Site "Tarvisio ITA"]
[Date "2017.11.16"]
[Round "4.67"]
[White "Thilakarathne, G. M. H."]
[Black "Chan Sheng Liang, Bernard"]
[Result "1-0"]
[WhiteElo "2141"]
[BlackElo "1698"]
[EventDate "2017.11.13"]
[PlyCount "125"]

1.e4 e5 2.Nf3 Nc6 3.Bb5 g6 4.c3 a6 5.Ba4 d6 6.d4 Bd7 7.Bg5 f6 8.Be3 Nh6 9.
O-O Bg7 10.dxe5 Nxe5 11.Nd4 Qe7 12.h3 Nhf7 13.Nd2 O-O 14.Bxd7 Nxd7 15.Qc2 
Kh8 16.Rad1 Rad8 17.Rfe1 c5 18.Ne2 Nfe5 19.Nf4 f5 20.Nd5 Qf7 21.f4 Nc6 22.
Nf3 h6 23.exf5 Qxf5 24.Qxf5 Rxf5 25.Nh4 Rf7 26.Nxg6+ Kh7 27.Nh4 Na5 28.g4 
Nc4 29.Bc1 Nf6 30.Nf5 h5 31.Nxg7 Kxg7 32.Nxf6 Kxf6 33.b3 Na5 34.f5 d5 35.
Re6+ Kg7 36.Rg6+ Kh7 37.Rh6+ Kg8 38.Rxh5 d4 39.cxd4 cxd4 40.Bb2 Nc6 41.Rh6
Re7 42.Kf2 Rd5 43.Rd2 Re4 44.Re6 Rf4+ 45.Kg3 Rf1 46.Kg2 Rb1 47.Re4 d3 48.
Bf6 Rc1 49.Bg5 a5 50.Kf2 b5 51.Rxd3 Rxd3 52.Bxc1 Rxh3 53.Bd2 Rh2+ 54.Ke3 
Rh3+ 55.Ke2 Kf7 56.g5 b4 57.g6+ Kg7 58.Be3 Rh2+ 59.Bf2 Rh5 60.Re6 Nd8 61.
Bd4+ Kf8 62.g7+ Kf7 63.Re7+ 1-0

[Event "56th World U20 ch"]
[Site "Tarvisio ITA"]
[Date "2017.11.16"]
[Round "4.68"]
[White "De Vleeschauwer, Maarten"]
[Black "Gomez Barrera, Gonzalo Andres"]
[Result "1-0"]
[WhiteElo "2139"]
[BlackElo "1741"]
[EventDate "2017.11.13"]
[PlyCount "115"]

1.e4 c5 2.d4 cxd4 3.c3 Nf6 4.e5 Nd5 5.Nf3 e6 6.cxd4 b6 7.Nc3 Nxc3 8.bxc3 
Qc7 9.Qb3 Bb7 10.Bd3 d6 11.O-O Nd7 12.Re1 dxe5 13.Nxe5 Nxe5 14.Rxe5 Bd6 
15.Bb5+ Bc6 16.d5 Bxb5 17.Qxb5+ Kf8 18.Re1 e5 19.Bb2 f6 20.Re4 Rc8 21.a4 
Qc5 22.Ba3 Qc7 23.a5 Bxa3 24.Rxa3 Qd6 25.Qb4 Qxb4 26.Rxb4 Ke7 27.axb6 axb6
28.Rxb6 Rhd8 29.Rb5 Rc7 30.g4 Rdc8 31.Ra6 Rd7 32.Re6+ Kd8 33.g5 fxg5 34.
Rxe5 Rxc3 35.Rxg5 Rc2 36.d6 Ke8 37.Rgf5 Rxd6 38.Rbe5+ Kd8 39.Rf8+ Kd7 40.
Rf7+ Kd8 41.Rxg7 Rcc6 42.h4 h6 43.h5 Rc1+ 44.Kg2 Rdd1 45.Rh7 Rg1+ 46.Kf3 
Rc3+ 47.Re3 Rc6 48.Ra3 Rf6+ 49.Ke2 Re6+ 50.Kd2 Rd6+ 51.Kc2 Rc6+ 52.Kb2 
Rb6+ 53.Ka2 Rgb1 54.Ra8+ Rb8 55.Rxb8+ Rxb8 56.Rh8+ Kc7 57.Rxb8 Kxb8 58.Kb3
1-0

[Event "56th World U20 ch"]
[Site "Tarvisio ITA"]
[Date "2017.11.16"]
[Round "4.69"]
[White "Noboa Silva, Kevin"]
[Black "Donati, Michele"]
[Result "1-0"]
[WhiteElo "2356"]
[BlackElo "1978"]
[EventDate "2017.11.13"]
[PlyCount "77"]

1.d4 d5 2.c4 c6 3.Nc3 Nf6 4.cxd5 cxd5 5.Bf4 Nc6 6.e3 a6 7.Bd3 Bg4 8.Nge2 
e6 9.h3 Bh5 10.O-O Bg6 11.Rc1 Be7 12.Na4 Nd7 13.a3 O-O 14.Rc3 Rc8 15.Bxg6 
hxg6 16.Qc2 g5 17.Bh2 Nf6 18.f3 Bd6 19.Bxd6 Qxd6 20.Nc5 b5 21.b4 Ne7 22.a4
Nf5 23.Ra1 Ra8 24.Rca3 bxa4 25.Qd3 Qb6 26.Rxa4 Rfc8 27.Qd2 Nd6 28.Rxa6 
Rxa6 29.Rxa6 Nc4 30.Rxb6 Nxd2 31.Rb7 Ne8 32.Nc3 Nd6 33.Rd7 Nf5 34.e4 Nxd4 
35.exd5 exd5 36.Nxd5 Nc6 37.b5 Ne5 38.Ne7+ Kf8 39.Nxc8 1-0

[Event "56th World U20 ch"]
[Site "Tarvisio ITA"]
[Date "2017.11.16"]
[Round "4.70"]
[White "Lin Zhaochen"]
[Black "Sesar, Ivan"]
[Result "0-1"]
[WhiteElo "1852"]
[BlackElo "2207"]
[EventDate "2017.11.13"]
[PlyCount "142"]

1.e4 c5 2.Nf3 d6 3.d4 cxd4 4.Qxd4 Bd7 5.c4 Nc6 6.Qe3 g6 7.Be2 Bg7 8.O-O 
Nf6 9.h3 O-O 10.Nc3 Rc8 11.Rb1 Qa5 12.Rd1 Rfe8 13.Bd2 Qc7 14.Be1 Qb8 15.b4
Be6 16.Nd5 Nd7 17.Qb3 h6 18.Nf4 Nd8 19.Nd4 Nf8 20.Nd5 Nc6 21.Bc3 Nxd4 22.
Bxd4 Bxd5 23.exd5 Nh7 24.Bxg7 Kxg7 25.Qc3+ Nf6 26.Qd4 b6 27.Rb3 Kg8 28.Qf4
Kg7 29.h4 Qc7 30.h5 e5 31.Qe3 g5 32.Ra3 Qd7 33.Ra6 Re7 34.b5 Qc7 35.Qa3 
Ra8 36.Qd3 Nd7 37.Ra3 Nc5 38.Qh3 e4 39.g4 Qd8 40.f3 exf3 41.Qxf3 Re5 42.
Bd3 Qe7 43.Bf5 Re8 44.Rf1 Re3 45.Rxe3 Qxe3+ 46.Kg2 Re7 47.Qxe3 Rxe3 48.Kf2
Rc3 49.Re1 Kf8 50.Re3 Rxc4 51.Rf3 Kg7 52.Re3 Rf4+ 53.Ke2 Kf8 54.Ra3 Ra4 
55.Rxa4 Nxa4 56.Kd3 Ke7 57.Kd4 Kf6 58.Bc2 Nc5 59.Bf5 Ke7 60.Bc2 Nd7 61.Bd3
Kf6 62.Bf5 Ne5 63.Ke3 Nc4+ 64.Kd3 Ne5+ 65.Ke4 Ke7 66.Kd4 Nf3+ 67.Ke3 Nh4 
68.Ke4 Kf6 69.Bc8 Ng2 70.Kd4 Nf4 71.Bf5 Nxh5 0-1

[Event "56th World U20 ch"]
[Site "Tarvisio ITA"]
[Date "2017.11.16"]
[Round "4.71"]
[White "Miciano, John Marvin"]
[Black "Cappelletto, Joshuaede"]
[Result "1-0"]
[WhiteElo "2151"]
[BlackElo "1920"]
[EventDate "2017.11.13"]
[PlyCount "25"]

1.e4 g6 2.d4 Bg7 3.Nf3 d6 4.Nc3 Nc6 5.Bc4 e5 6.dxe5 dxe5 7.Qxd8+ Nxd8 8.
Nb5 Kd7 9.Be3 Ne7 10.a4 a6 11.O-O-O+ Kc6 12.Nc3 Be6 13.Bb5+ 1-0

[Event "56th World U20 ch"]
[Site "Tarvisio ITA"]
[Date "2017.11.16"]
[Round "4.72"]
[White "Posocco, Dennis"]
[Black "Schweighoffer, Martin"]
[Result "0-1"]
[WhiteElo "1564"]
[BlackElo "2123"]
[EventDate "2017.11.13"]
[PlyCount "44"]

1.e4 e5 2.Nf3 Nc6 3.d4 exd4 4.Nxd4 Bc5 5.Be3 Qf6 6.c3 Nge7 7.Bc4 O-O 8.O-O
b6 9.f4 d6 10.Kh1 Bb7 11.Qd2 h6 12.e5 dxe5 13.fxe5 Qxe5 14.Bf4 Qe4 15.Bd3 
Qd5 16.Nb5 Rad8 17.Rf3 Ne5 18.Bxe5 Qxe5 19.Rg3 Nf5 20.Rh3 Ne3 21.Rg3 Nxg2 
22.Rxg2 Rxd3 0-1

[Event "56th World U20 ch"]
[Site "Tarvisio ITA"]
[Date "2017.11.16"]
[Round "4.73"]
[White "Tarini, Goyal"]
[Black "Valente, Joao Nuno Baptista"]
[Result "1-0"]
[WhiteElo "2062"]
[BlackElo "1897"]
[EventDate "2017.11.13"]
[PlyCount "79"]

1.d4 Nf6 2.c4 g6 3.g3 Bg7 4.Bg2 O-O 5.Nc3 d6 6.Nf3 c6 7.O-O Qb6 8.Nd2 Qxd4
9.Na4 Qg4 10.Rb1 Qh5 11.e4 Bg4 12.f3 Bh3 13.Nc3 Qc5+ 14.Kh1 Be6 15.b4 Qd4 
16.Bb2 Qd3 17.Ne2 Bh6 18.f4 Ng4 19.Nc1 Qe3 20.Ncb3 Bg7 21.Bxg7 Kxg7 22.f5 
Bxf5 23.exf5 Nf2+ 24.Rxf2 Qxf2 25.fxg6 hxg6 26.Qc2 Nd7 27.Rf1 Qe3 28.Nf3 
Qb6 29.Qc3+ Nf6 30.Re1 Rae8 31.Nbd2 d5 32.c5 Qc7 33.Ne5 Rh8 34.Qd4 Nh5 35.
Qg4 Rh6 36.Ndf3 f6 37.Nd4 e6 38.Qxe6 Re7 39.Ng4 Nxg3+ 40.Kg1 1-0

[Event "56th World U20 ch"]
[Site "Tarvisio ITA"]
[Date "2017.11.16"]
[Round "4.74"]
[White "Zenari, Marco"]
[Black "Araya Pozo, Francisco Javier"]
[Result "1-0"]
[WhiteElo "1997"]
[BlackElo "1416"]
[EventDate "2017.11.13"]
[PlyCount "37"]

1.e4 e6 2.d4 d5 3.Nc3 Bb4 4.Ne2 dxe4 5.a3 Bxc3+ 6.Nxc3 Nc6 7.Bb5 Bd7 8.
Nxe4 Nge7 9.Be3 a6 10.Bd3 Nd5 11.Qg4 Nce7 12.c4 Nxe3 13.Qxg7 Nc6 14.Nf6+ 
Ke7 15.fxe3 Qf8 16.Qxf8+ Raxf8 17.O-O a5 18.Rf3 Rd8 19.Raf1 1-0

[Event "56th World U20 ch"]
[Site "Tarvisio ITA"]
[Date "2017.11.17"]
[Round "5.1"]
[White "Alexeenko, Kiril"]
[Black "Sorokin, Alexei"]
[Result "1-0"]
[WhiteElo "2563"]
[BlackElo "2483"]
[EventDate "2017.11.13"]
[PlyCount "75"]

1.e4 c6 2.d4 d5 3.e5 Bf5 4.Nf3 e6 5.Be2 Nd7 6.O-O h6 7.Nbd2 Ne7 8.Nb3 g5 
9.Bd2 a5 10.a4 Bg7 11.Ne1 c5 12.Bb5 Nc6 13.c3 O-O 14.Nc2 c4 15.Nc1 f6 16.
exf6 Nxf6 17.b3 cxb3 18.Nxb3 e5 19.Ne3 Bg6 20.dxe5 Nxe5 21.Nd4 Qc8 22.Qb3 
Kh8 23.f3 Nd3 24.Nxd5 Nc5 25.Qa2 Bf7 26.Bc4 Nxa4 27.Ne3 Bxc4 28.Nxc4 b5 
29.Ne5 Kh7 30.Qb1+ Kg8 31.Qb3+ Kh7 32.Qxb5 Nc5 33.Ndc6 Re8 34.Qxc5 Rxe5 
35.Qxe5 Qxc6 36.Be3 a4 37.Qf5+ Kh8 38.Bd4 1-0

[Event "56th World U20 ch"]
[Site "Tarvisio ITA"]
[Date "2017.11.17"]
[Round "5.2"]
[White "Liang, Awonder"]
[Black "Oparin, Grigory"]
[Result "1/2-1/2"]
[WhiteElo "2558"]
[BlackElo "2606"]
[EventDate "2017.11.13"]
[PlyCount "68"]

1.e4 c5 2.Nf3 d6 3.Bb5+ Bd7 4.Bxd7+ Nxd7 5.O-O Ngf6 6.Qe2 e6 7.b3 g6 8.d4 
cxd4 9.Nxd4 a6 10.Rd1 Bg7 11.c4 O-O 12.Nc3 Re8 13.Be3 Qa5 14.Rac1 Rac8 15.
Nf3 Rc6 16.Bd2 Qc5 17.Bf4 Nh5 18.Be3 Qa5 19.Nd4 Rcc8 20.Qd2 Nhf6 21.f3 
Red8 22.Nde2 Ne5 23.Qd4 Nfd7 24.Qxd6 Nc5 25.Qe7 Ncd3 26.Rc2 b5 27.cxb5 
axb5 28.b4 Qxb4 29.Qxb4 Nxb4 30.Rxd8+ Rxd8 31.Rd2 Rc8 32.Nxb5 Nc4 33.Nd6 
Nxd6 34.Rxd6 Nxa2 1/2-1/2

[Event "56th World U20 ch"]
[Site "Tarvisio ITA"]
[Date "2017.11.17"]
[Round "5.3"]
[White "Tari, Aryan"]
[Black "Sarana, Alexei"]
[Result "1-0"]
[WhiteElo "2581"]
[BlackElo "2543"]
[EventDate "2017.11.13"]
[PlyCount "107"]

1.e4 c5 2.Nf3 d6 3.d4 cxd4 4.Nxd4 Nf6 5.Nc3 a6 6.h3 e5 7.Nde2 b5 8.Nd5 
Nbd7 9.Bg5 Bb7 10.Nec3 Rc8 11.a4 b4 12.Bxf6 Nxf6 13.Nxf6+ gxf6 14.Nd5 f5 
15.Bd3 Bg7 16.Qh5 fxe4 17.Bxe4 Bxd5 18.Bxd5 Qf6 19.O-O a5 20.Be4 Rc5 21.
Rad1 Qe6 22.Rd3 d5 23.Rfd1 dxe4 24.Rd8+ Ke7 25.R1d7+ Qxd7 26.Rxd7+ Kxd7 
27.Qxf7+ Kd6 28.Qxg7 Rhc8 29.Qh6+ Kd5 30.Qxh7 R5c7 31.Qf5 e3 32.fxe3 Rxc2 
33.h4 R8c4 34.Qf3+ Ke6 35.Qh3+ Kf6 36.b3 R4c3 37.Qf3+ Ke6 38.Qg4+ Kd6 39.
Kh2 Rc1 40.Qg6+ Kd5 41.Qg8+ Ke4 42.h5 Rxe3 43.h6 Ree1 44.h7 Rh1+ 45.Kg3 
Rc3+ 46.Kg4 Kd3 47.h8=Q Rxh8 48.Qxh8 Rxb3 49.Qxe5 Rc3 50.Qxa5 Rc4+ 51.Kf3 
b3 52.Qb5 Kc3 53.Ke3 b2 54.a5 1-0